00531nam a2200193 a 450000100060000000300090000600800410001504000280005608200150008410000270009924500410012626000430016730000100021065000290022065000130024965000250026265000130028765000370030012376CO-ViMGA141112s2004 ck r 000 u spa d aCO-ViMGAbspacCO-ViMGA04a347.7 S1511 aSalcedo, Florez Alvaro10aEl Leasing y los contratos nominados aBogotá : bJuridicas Wilches, c1989 a125p.14aARRENDAMIENTO FINANCIERO14aCOLOMBIA14aCONTRATOSCOMERCIALES14aDERECHOS14aTESIS Y DISERTACIONES ACADEMICAS